000 00375nam a2200145Ia 4500
005 20251222152647.0
008 251222s9999||||xx |||||||||||||| ||spa||
020 _a9786124531774
082 _a371.2/E92
100 _aEstupiñán Maldonado, Máximo
245 0 _aLa Educación Intercultural:
250 _a2da. ed.
264 _bCentro de Desarrollo Étnico
942 _cLIB
999 _c28300
_d28300